| 000 | 00897nac a22001451u 4500 | ||
|---|---|---|---|
| 008 | 080923s1973 xxu||||| |||| 00| 0 ara d | ||
| 082 |
_a359.00962 _bت ا ر |
||
| 245 |
_aتاريخ البحرية المصرية / _cوضع فصوله نخبة من الاساتذة المتخصصين بجامعة الإسكندرية بالتعاون مع القوات البحرية بجمهورية مصر العربية |
||
| 260 |
_aالاسكندرية : _bجامعة الاسكندرية ،1973 _c1973. |
||
| 300 |
_a798 ص : _bايض ؛ _c32 سم. |
||
| 504 | _aيحتوى على إرجاعات ببليوجرافية وفهرس | ||
| 651 |
_921705 _aمصر _xالتاريخ البحري |
||
| 942 |
_cBB _k359.00962 ت ا ر _2ddc |
||
| 999 |
_c8034 _d8034 |
||